000 01429nam a2200277 a 4500
001 BRCA_8314
005 20190320210225.0
008 240614s1848----enk####f##---#000-0#eng-#
041 _aeng
044 _aenk
050 4 _aPZ3
_b.R38 1848
100 1 _aRathbone, Hannah Mary
_d1798-1878
_920758
245 1 0 _aSome further portions of the diary of Lady Willoughby
_bwhich do relate to her domestic history and to the events of the latter years of the reign of King Charles the First, the protectorate, and the restoration.
_cLady Willoughby.
260 _aLondres
_bLongman, Brown, Green and Longmans
_c1848
300 _a2 v.
_c22 cm.
500 _aDos ejemplares inventariados por el Banco de México como un solo libro
500 _aEstado físico: volumen 2 con tapas y lomo rotos, sujetados por un lazo
500 _aR2
505 0 _av.1 Some further portions of the diary of Lady Willoughby and to the events of the latter years of the reign of King Charles the First, the protectorate, and the restoration.-- v2. So much of the Diary of Lady Willoughby as relates to her domestic History an to the eventful period of reign of Charles the First
600 1 4 _aWilloughby, Elizabeth Cecil
_cBaronesa
_d1663?m
_920759
600 1 4 _aCharles I
_cRey de Inglaterra, Escocia e Irlanda
_d1600-1649
_920760
650 1 4 _aLiteratura
_vDiarios
_920761
651 4 _aInglaterra
_xHistoria
_920762
902 _aGFM
942 _2lcc
_cB
999 _c7982
_d7982